|
|
|
|
| LEADER |
00000nam0a2200000 4500 |
| 001 |
351005 |
| 005 |
20231102010347.0 |
| 035 |
|
|
|a (RuTPU)RU\TPU\retro\5404
|
| 090 |
|
|
|a 351005
|
| 100 |
|
|
|a 20190318d1960 km y0rusy50 ca
|
| 101 |
0 |
|
|a rus
|
| 102 |
|
|
|a RU
|
| 105 |
|
|
|a a g 001zy
|
| 200 |
0 |
|
|a Т. 2 : Магнитные, проводниковые, полупроводниковые и другие материалы
|f под ред. Н. П. Богородицкого, В. В. Пасынкова
|
| 210 |
|
|
|d 1960
|
| 215 |
|
|
|a 511 с.
|c ил.
|
| 316 |
|
|
|5 63413507: КР-6344
|a На титульном листе владельческая подпись: "Завадовская"
|
| 317 |
|
|
|5 63413507: КР-6344
|a Поступила в НТБ в 1987 г. в дар от вдовы ученого Е. К. Завадовской
|
| 320 |
|
|
|a Библиография в конце частей
|
| 320 |
|
|
|a Предметный указатель: с. 501-511
|
| 330 |
|
|
|a Во втором томе Справочника собраны основные сведения о магнитных материалах, металлических проводниках электрического тока, электротехническом угле и важнейших электролитах, употребляющихся в различных областях техники. Даются также характеристики полупроводниковых, сегнетоэлектрических и пьезоэлектрических материалов. Книга предназначается для инженерно-технических работников предприятий электротехнической и радиотехнической промышленности, электрических станций и подстанций, электроремонтных предприятий, лабораторий и научно-исследовательских институтов.
|
| 461 |
|
|
|t Справочник по электротехническим материалам
|o в 2 т.
|f под ред. К. А. Андрианова и др.
|v Т. 2 : Магнитные, проводниковые, полупроводниковые и другие материалы
|d 1960
|
| 606 |
1 |
|
|a Электротехнические материалы
|2 stltpush
|3 (RuTPU)RU\TPU\subj\20959
|9 46018
|
| 610 |
1 |
|
|a магнитные материалы
|
| 610 |
1 |
|
|a электропроводящие металлические материалы
|
| 610 |
1 |
|
|a электротехнический уголь
|
| 610 |
1 |
|
|a полупроводниковые материалы
|
| 610 |
1 |
|
|a полупроводниковые изделия
|
| 610 |
1 |
|
|a сегнетоэлектрические материалы
|
| 610 |
1 |
|
|a пьезоэлектрические материалы
|
| 610 |
1 |
|
|a электролиты
|
| 610 |
1 |
|
|a гальванические элементы
|
| 610 |
1 |
|
|a аккумуляторы
|
| 610 |
1 |
|
|a справочники
|
| 610 |
1 |
|
|a библиотека А. А. Воробьева
|
| 610 |
1 |
|
|a дары библиотеке
|
| 610 |
1 |
|
|a владельческая надпись
|
| 675 |
|
|
|a 621.3.002.3(035)
|v 4
|
| 702 |
|
1 |
|a Богородицкий
|b Н. П.
|4 340
|
| 702 |
|
1 |
|a Пасынков
|b В. В.
|4 340
|
| 801 |
|
1 |
|a RU
|b 63413507
|c 20190318
|
| 801 |
|
2 |
|a RU
|b 63413507
|c 20200110
|g RCR
|
| 942 |
|
|
|c BK
|